| 000 | 00705nam a2200145 a 4500 | ||
|---|---|---|---|
| 005 | 20260322212018.0 | ||
| 008 | data | ||
| 096 | _aWA 320 A759s 1991 | ||
| 110 | 2 | _aArizona. Division of Behavioral Health Services. | |
| 245 | 1 | 0 |
_aState of Arizona children's behavioral health services needs and resources assessment. _cArizona. Division of Behavioral Health Services. |
| 260 |
_aPhoenix, Ariz. _bArizona Dept. of Health Services, Division of Behavioral Health Services, Office of Management Information Systems, Research & Evaluation, and Arizona Child and Adolescent Service System Program (CASSP) _c1991 |
||
| 650 | 0 |
_aCommunity health services for children _zArizona |
|
| 650 | 0 | _aChild development | |
| 001 | data | ||
| 999 |
_c409 _d409 |
||